[Event "Edinburgh Premier 2019"]
[Site "?"]
[Date "2019.04.06"]
[Round "3"]
[White "Thomson, Neil"]
[Black "Gregory, Sam"]
[Result "0-1"]
[WhiteElo "2021"]
[BlackElo "1851"]
[PlyCount "56"]

1. e4 c5 2. Nf3 e6 3. d4 cxd4 4. Nxd4 a6 5. Nc3 Qc7 6. g3 b5 7. Bg2 Bb7 8. O-O
Nf6 9. a3 d6 10. f4 Be7 11. g4 Nc6 12. Nb3 h6 13. Be3 Nd7 14. Qe2 g5 15. f5
Nde5 16. Rad1 O-O-O 17. a4 b4 18. Na2 h5 19. gxh5 g4 20. h6 Rdg8 21. fxe6 fxe6
22. Nd4 Nxd4 23. Bxd4 Rxh6 24. c3 Nf3+ 25. Rxf3 gxf3 26. Qxf3 Rhg6 27. Rd2 e5
28. Be3 Qc4 0-1

[Event "Edinburgh Premier 2019"]
[Site "?"]
[Date "2019.04.06"]
[Round "3"]
[White "Wynarczyk, Raymond"]
[Black "Le Feuvre, Gwenole"]
[Result "0-1"]
[WhiteElo "1875"]
[BlackElo "1612"]
[PlyCount "64"]

1. e4 c5 2. Nf3 Nc6 3. d4 cxd4 4. Nxd4 e6 5. Nc3 Qc7 6. Be2 a6 7. O-O b5 8. Bf3
Bb7 9. Nxc6 Bxc6 10. Qe2 Bd6 11. g3 Ne7 12. Re1 O-O 13. Be3 b4 14. Nb1 f5 15.
Nd2 Bb5 16. Qd1 f4 17. gxf4 Bxf4 18. e5 Bxe5 19. Bxa8 Bxh2+ 20. Kg2 Rxa8 21.
Nf1 Bc6+ 22. f3 Bf4 23. Qd4 Rf8 24. Rad1 Bxf3+ 25. Kg1 Bxd1 26. Rxd1 Nd5 27.
Bf2 Qxc2 28. Re1 Qg6+ 29. Kh1 Qh5+ 30. Kg2 Rf6 31. Qc5 Qg5+ 32. Ng3 Ne3+ 0-1

[Event "Edinburgh Premier 2019"]
[Site "?"]
[Date "2019.04.06"]
[Round "3"]
[White "Roy, Ali"]
[Black "Chapman, Nigel"]
[Result "1/2-1/2"]
[WhiteElo "1926"]
[BlackElo "1741"]
[PlyCount "74"]

1. Nf3 Nf6 2. g3 e6 3. Bg2 d5 4. O-O Be7 5. d3 O-O 6. Nbd2 b6 7. c4 Bb7 8. cxd5
Bxd5 9. e4 Bb7 10. Nc4 c5 11. b3 Nc6 12. Bb2 Rc8 13. Qe2 Qc7 14. Rad1 Rfd8 15.
h4 b5 16. Nce5 Nd4 17. Nxd4 cxd4 18. f4 Qa5 19. Ba1 Qc7 20. Qf2 Bc5 21. Kh1 Qb6
22. g4 Nd7 23. Nf3 Nf6 24. Ne5 Nd7 25. b4 Bxb4 26. Bxd4 Bc5 27. Bxc5 Qxc5 28.
d4 Qb6 29. Nxd7 Rxd7 30. Rd2 Rcd8 31. Rfd1 b4 32. f5 e5 33. d5 Qxf2 34. Rxf2
Rc8 35. Bf1 Rdc7 36. Rb2 a5 37. Rdb1 Rc3 1/2-1/2

[Event "Edinburgh Premier 2019"]
[Site "?"]
[Date "2019.04.06"]
[Round "3"]
[White "Baumanis, Kristaps"]
[Black "Gopakumar, Siddharth"]
[Result "0-1"]
[WhiteElo "1845"]
[BlackElo "1834"]
[PlyCount "106"]

1. e4 c5 2. Nf3 Nc6 3. d4 cxd4 4. Nxd4 Nf6 5. Nc3 e5 6. Nf5 d5 7. exd5 Bxf5 8.
dxc6 Qxd1+ 9. Nxd1 bxc6 10. Ne3 Be6 11. Ba6 Rb8 12. O-O Rb6 13. Bd3 Bc5 14. Bc4
Nd5 15. Bb3 Nxe3 16. Bxe3 Bxe3 17. fxe3 Ke7 18. c3 Rd8 19. Rfd1 Rxd1+ 20. Rxd1
Bxb3 21. axb3 Rxb3 22. Ra1 Rb7 23. e4 Ke6 24. Ra6 Kd6 25. b4 Kc7 26. Kf2 Kd7
27. Ke3 Rc7 28. Kd3 Kc8 29. Kc4 Kb7 30. Ra5 f6 31. g3 Kb6 32. h4 h5 33. Ra2 Rd7
34. Re2 g5 35. Rf2 gxh4 36. gxh4 Rg7 37. Rxf6 Rg4 38. Rf5 Rxe4+ 39. Kd3 Rxh4
40. Rxe5 Rh1 41. Ke2 h4 42. Kf2 Rc1 43. Rc5 a5 44. Rxa5 Rxc3 45. Rh5 Rc4 46.
Ke2 Rxb4 47. Kd2 c5 48. Kd3 Rg4 49. Kc3 Kb5 50. Kb3 Rg3+ 51. Kc2 h3 52. Kd1 Kb4
53. Ke1 c4 0-1

[Event "Edinburgh Premier 2019"]
[Site "?"]
[Date "2019.04.07"]
[Round "4"]
[White "Arakhamia-Grant, Ketevan"]
[Black "Kolbus, Dietmar"]
[Result "1-0"]
[WhiteElo "2336"]
[BlackElo "2281"]
[PlyCount "63"]

1. e4 e5 2. Nf3 Nf6 3. Nxe5 d6 4. Nf3 Nxe4 5. Nc3 Nxc3 6. dxc3 Be7 7. Be3 Nc6
8. Qd2 Be6 9. O-O-O Qd7 10. Kb1 h6 11. h4 Bf6 12. Be2 Ne5 13. Nxe5 dxe5 14. Qe1
Qa4 15. b3 Qa5 16. g4 Rd8 17. g5 Rxd1+ 18. Bxd1 Be7 19. gxh6 gxh6 20. Bd2 {
[%emt 0:00:00]} Qc5 21. c4 Bd6 22. Rg1 Kd7 23. Bf3 Kc8 24. Qe4 c6 25. Be3 Qa5
26. Bg4 Bxg4 27. Qxg4+ Kb8 28. Qg7 Rd8 29. c5 Bc7 30. Qxf7 e4 31. Qe7 Qc3 32.
Bf4 1-0

[Event "Edinburgh Premier 2019"]
[Site "?"]
[Date "2019.04.07"]
[Round "4"]
[White "Shafi, Declan"]
[Black "Abdulla, Murad"]
[Result "1-0"]
[WhiteElo "2114"]
[BlackElo "2256"]
[PlyCount "93"]

1. Nf3 d5 2. g3 Bg4 3. Bg2 c6 4. d4 Nf6 5. Nbd2 Nbd7 6. O-O Qc7 7. Re1 e6 8. e4
dxe4 9. Nxe4 Nxe4 10. Rxe4 Nf6 11. Re1 O-O-O 12. h3 Bh5 13. c4 Bb4 14. Bf4 Bd6
15. Be3 c5 16. Qa4 Bxf3 17. Bxf3 cxd4 18. Bxd4 Bc5 19. Bxc5 Qxc5 20. b4 Qb6 21.
Red1 Kb8 22. c5 Qc7 23. Qb5 a6 24. Qc4 Rxd1+ 25. Rxd1 Rd8 26. Rxd8+ Qxd8 27. c6
Nd5 28. b5 Nb6 29. Qc5 bxc6 30. Qxc6 Qc7 31. Qxc7+ Kxc7 32. bxa6 Nc8 33. Kg2
Kd6 34. Bb7 Na7 35. Kf3 f5 36. Ke3 e5 37. Bg2 Kc5 38. Bf1 h5 39. Bd3 g6 40. f3
Nc6 41. g4 hxg4 42. hxg4 Ne7 43. a7 Nd5+ 44. Ke2 Nc7 45. gxf5 gxf5 46. Bxf5 Kb6
47. Ke3 1-0

[Event "Edinburgh Premier 2019"]
[Site "?"]
[Date "2019.04.07"]
[Round "4"]
[White "Hunt, Adam C"]
[Black "McGregor, Lindsay A"]
[Result "1-0"]
[WhiteElo "2070"]
[BlackElo "1695"]
[PlyCount "105"]

1. e4 e5 2. Nf3 Nc6 3. Bb5 Nf6 4. d3 Bc5 5. c3 O-O 6. O-O d6 7. Nbd2 Bg4 8. h3
Bh5 9. Re1 h6 10. Nf1 g5 11. Ng3 Bg6 12. Nh2 Kg7 13. Qf3 Qd7 14. Nhf1 Ng8 15.
Be3 Bxe3 16. Nxe3 Nge7 17. Nef5+ Kh7 18. Rad1 Rad8 19. Ba4 a6 20. d4 b5 21. Bc2
f6 22. Ne3 d5 23. exd5 Bxc2 24. Nxc2 Qxd5 25. Qd3+ f5 26. Ne3 Qf7 27. Ngxf5
Nxf5 28. g4 Nce7 29. Nxf5 Nxf5 30. Rxe5 Qg6 31. gxf5 Qh5 32. Rde1 Rd7 33. Re7+
Rf7 34. Rxd7 Rxd7 35. f6+ Qg6 36. Re7+ Rxe7 37. Qxg6+ Kxg6 38. fxe7 Kf7 39. Kg2
Kxe7 40. Kf3 Kf6 41. Ke4 c6 42. b3 Ke6 43. c4 b4 44. f4 gxf4 45. Kxf4 a5 46.
Ke4 Kf6 47. d5 cxd5+ 48. Kxd5 Kg5 49. c5 Kh4 50. c6 Kxh3 51. c7 Kg3 52. c8=Q h5
53. Qf5 1-0

[Event "Edinburgh Premier 2019"]
[Site "?"]
[Date "2019.04.07"]
[Round "4"]
[White "Irving, Neil"]
[Black "Burnett, Andrew B"]
[Result "0-1"]
[WhiteElo "1904"]
[BlackElo "2186"]
[PlyCount "94"]

1. Nf3 Nf6 2. c4 g6 3. Nc3 Bg7 4. e4 d6 5. d4 Bg4 6. Be2 O-O 7. O-O Nfd7 8. Be3
e5 9. d5 a5 10. Nd2 Bxe2 11. Qxe2 Na6 12. a3 f5 13. f3 Qh4 14. Rab1 Bh6 15. b4
axb4 16. axb4 Bxe3+ 17. Qxe3 f4 18. Qf2 Qe7 19. Rfc1 g5 20. Kf1 h5 21. h3 g4
22. hxg4 hxg4 23. fxg4 Qg5 24. Nf3 Qxg4 25. Qh4 Qxh4 26. Nxh4 Kf7 27. Kf2 Rh8
28. Nf5 Rag8 29. Rh1 Nf6 30. Kf3 b6 31. Rxh8 Rxh8 32. Ra1 Nxb4 33. Ra7 Nh7 34.
Rxc7+ Kf6 35. Rd7 Ng5+ 36. Kg4 Nf7 37. Nxd6 Rg8+ 38. Kf3 Rg3+ 39. Kf2 Ng5 40.
Ne2 Ra3 41. Kg1 Nd3 42. Ne8+ Kg6 43. Rd6+ Kf7 44. Nc7 Ra1+ 45. Kh2 Ra2 46. Nc3
Nf3+ 47. Kh3 Nf2# 0-1

[Event "Edinburgh Premier 2019"]
[Site "?"]
[Date "2019.04.07"]
[Round "4"]
[White "Paul, Rabindra"]
[Black "Farrell, Neil R"]
[Result "0-1"]
[WhiteElo "1778"]
[BlackElo "2099"]
[PlyCount "72"]

1. e4 e6 2. d4 d5 3. Nc3 Bb4 4. Qd3 Nc6 5. e5 Nge7 6. Bd2 Nf5 7. Nce2 Bxd2+ 8.
Qxd2 f6 9. f4 fxe5 10. dxe5 O-O 11. Nf3 b6 12. O-O-O Bb7 13. Kb1 Qe7 14. Nc1 d4
15. Bd3 Rad8 16. Bxf5 Rxf5 17. Nd3 Na5 18. Qf2 c5 19. b3 Rff8 20. Nd2 Bd5 21.
Rhe1 b5 22. b4 cxb4 23. Nb3 Nc4 24. Nxd4 a5 25. g3 Na3+ 26. Kc1 Rc8 27. Rd2
Bxa2 28. f5 Nc4 29. Nxe6 Nxd2 30. Nxf8 Nc4 31. Ne6 b3 32. c3 Qg5+ 33. Kd1 b2
34. Qg2 b1=Q+ 35. Ke2 Qc2+ 36. Kf1 Nd2+ 0-1

[Event "Edinburgh Premier 2019"]
[Site "?"]
[Date "2019.04.07"]
[Round "4"]
[White "Jarmany, John"]
[Black "Jennings, Richard L"]
[Result "1/2-1/2"]
[WhiteElo "2111"]
[BlackElo "1984"]
[PlyCount "90"]

1. d4 d5 2. c4 e6 3. Nc3 Nf6 4. cxd5 exd5 5. Bg5 Be7 6. e3 h6 7. Bf4 O-O 8. Qc2
c6 9. Bd3 Nbd7 10. Nf3 Re8 11. O-O Nf8 12. Rab1 Be6 13. b4 Rc8 14. h3 Bd6 15.
Ne5 Qe7 16. Qb2 N6d7 17. Nxd7 Qxd7 18. Bxd6 Qxd6 19. b5 c5 20. dxc5 Rxc5 21.
Qb4 Qe7 22. b6 axb6 23. Na4 Ra5 24. Qd4 Qf6 25. Qxf6 gxf6 26. Nxb6 Rxa2 27.
Rfd1 Kg7 28. Rb5 Rd8 29. Be4 Nd7 30. Nxd5 Ne5 31. Rc1 Ra4 32. f3 Rc4 33. Rcb1
f5 34. Nf4 fxe4 35. Rxe5 Kf6 36. Nxe6 fxe6 37. Rxe4 Rxe4 38. fxe4 Ke5 39. Rxb7
Kxe4 40. Rb3 e5 41. Kf2 Rd2+ 42. Kf1 h5 43. Ra3 Rb2 44. Ra5 Rc2 45. Rb5 Ra2
1/2-1/2

[Event "Edinburgh Premier 2019"]
[Site "?"]
[Date "2019.04.07"]
[Round "4"]
[White "Ward, Andrew"]
[Black "Magnussen, Helge"]
[Result "0-1"]
[WhiteElo "1776"]
[BlackElo "2099"]
[PlyCount "104"]

1. d4 Nf6 2. Bg5 c5 3. d5 Qb6 4. Nc3 h6 5. Bd2 e6 6. e4 Be7 7. Bc4 exd5 8. Nxd5
Nxd5 9. Bxd5 Bf6 10. Bc3 Bxc3+ 11. bxc3 O-O 12. Ne2 Nc6 13. O-O Ne7 14. a4 Nxd5
15. Qxd5 Qc6 16. Rfd1 b6 17. f3 Ba6 18. Qxc6 dxc6 19. Kf2 Rfd8 20. Nf4 Kf8 21.
Nd3 f6 22. Ke3 Ke7 23. a5 Bb5 24. Nb2 Rxd1 25. Nxd1 Rd8 26. Nb2 c4 27. axb6
axb6 28. Ra7+ Rd7 29. Rxd7+ Kxd7 30. Kd4 Ke6 31. f4 c5+ 32. Ke3 f5 33. exf5+
Kxf5 34. h3 h5 35. g3 g6 36. Nd1 Bc6 37. Nf2 Ba4 38. g4+ Ke6 39. Kd2 Kd5 40.
Kc1 Bd7 41. Kd2 b5 42. Ke3 b4 43. cxb4 cxb4 44. Ne4 b3 45. cxb3 cxb3 46. Kd3
Bb5+ 47. Ke3 b2 48. f5 gxf5 49. gxf5 Ke5 50. Nc3 Bd7 51. f6 Kxf6 52. h4 Bf5 0-1

[Event "Edinburgh Premier 2019"]
[Site "?"]
[Date "2019.04.07"]
[Round "4"]
[White "Skettos, Nicolas"]
[Black "Waller, Dan"]
[Result "1/2-1/2"]
[WhiteElo "1848"]
[BlackElo "2056"]
[PlyCount "113"]

1. e4 c5 2. Nf3 g6 3. d4 cxd4 4. Qxd4 Nf6 5. Nc3 Nc6 6. Qc4 d6 7. e5 dxe5 8.
Nxe5 Bd7 9. Nxd7 Nxd7 10. Be3 Nb6 11. Qh4 Bg7 12. Rd1 Qc8 13. Bb5 O-O 14. O-O
Qf5 15. Bd3 Qa5 16. Bh6 Rac8 17. Bxg7 Kxg7 18. Bb5 Qb4 19. Qxb4 Nxb4 20. Rd2 e6
21. Rfd1 Rc7 22. a3 N4d5 23. Nxd5 Nxd5 24. c3 Nb6 25. f4 Kf6 26. Kf2 h6 27. g3
g5 28. fxg5+ hxg5 29. Rd8 Rc8 30. Rxf8 Rxf8 31. Be2 Rh8 32. Kg2 Rc8 33. Rd4 Rc7
34. Kf2 Ke5 35. a4 a5 36. Bb5 f5 37. Rd8 Rh7 38. Kg2 Nd5 39. Rd7 Rxd7 40. Bxd7
f4 41. gxf4+ gxf4 42. Kf3 Nf6 43. Bc8 b6 44. h4 Kf5 45. b4 Nd5 46. bxa5 bxa5
47. h5 Nxc3 48. h6 Kg6 49. Kxf4 Nxa4 50. Bxe6 Nc5 51. Bc4 a4 52. Ke3 a3 53. Kd2
Na6 54. Kc3 Kxh6 55. Bxa6 a2 56. Kb2 a1=Q+ 57. Kxa1 1/2-1/2

[Event "Edinburgh Premier 2019"]
[Site "?"]
[Date "2019.04.07"]
[Round "4"]
[White "Chadha, Sambhav"]
[Black "Xian, Junhao"]
[Result "0-1"]
[WhiteElo "1594"]
[BlackElo "1953"]
[PlyCount "90"]

1. e4 c5 2. c3 Nf6 3. e5 Nd5 4. d4 cxd4 5. Nf3 Nc6 6. cxd4 d6 7. Bc4 Nb6 8. Bb5
e6 9. O-O dxe5 10. dxe5 Qxd1 11. Rxd1 Bd7 12. Nc3 a6 13. Bd3 Nb4 14. Be4 Bc6
15. a3 Bxe4 16. Nxe4 Nc6 17. Bf4 Nd5 18. Bg5 h6 19. Bh4 g5 20. Bg3 Be7 21. Rac1
Rd8 22. Rd3 O-O 23. b4 Nf4 24. Rxd8 Ne2+ 25. Kf1 Nxg3+ 26. hxg3 Rxd8 27. Nc5
Bxc5 28. Rxc5 g4 29. Ne1 Kg7 30. f4 Rd2 31. b5 axb5 32. Rxb5 Nd4 33. Rxb7 h5
34. Rd7 h4 35. gxh4 g3 36. Nf3 Rf2+ 37. Ke1 Nc2+ 38. Kd1 Ne3+ 39. Kc1 Nxg2 40.
Ng5 Nxf4 41. Rxf7+ Kg6 42. Rf6+ Kh5 43. Ne4 Rf1+ 44. Kd2 g2 45. Ng3+ Kxh4 0-1

[Event "Edinburgh Premier 2019"]
[Site "?"]
[Date "2019.04.07"]
[Round "4"]
[White "Turner , Max N"]
[Black "Will, Douglas"]
[Result "1/2-1/2"]
[WhiteElo "1961"]
[BlackElo "1926"]
[PlyCount "108"]

1. d4 Nf6 2. c4 g6 3. g3 Bg7 4. Bg2 d6 5. Nf3 O-O 6. O-O Nbd7 7. Nc3 a6 8. h3
Rb8 9. a4 Re8 10. b3 e5 11. dxe5 dxe5 12. Be3 c6 13. Nd2 Qa5 14. Qc1 Nc5 15.
Rb1 Ne6 16. c5 Nd4 17. b4 Qc7 18. Nc4 Nf5 19. Rd1 Be6 20. Nd6 Red8 21. Nxf5
Bxf5 22. Rb2 Rxd1+ 23. Qxd1 Rd8 24. Rd2 Rxd2 25. Qxd2 Qd7 26. g4 Be6 27. Qxd7
Bxd7 28. b5 axb5 29. axb5 Ne8 30. Na2 f5 31. bxc6 bxc6 32. Nb4 e4 33. f3 f4 34.
Bxf4 Bd4+ 35. e3 Bxc5 36. Na6 Ba7 37. fxe4 Kf7 38. Nb8 Bxb8 39. Bxb8 Ke6 40. e5
c5 41. Kf2 Bb5 42. Ke1 Kd7 43. Kd2 Nc7 44. Bxc7 Kxc7 45. g5 Bc6 46. Bf1 Bd5 47.
Kd3 Kd7 48. e4 Ba2 49. Ke3 Ke6 50. Kf4 c4 51. Be2 c3 52. Bg4+ Ke7 53. Ke3 Bb1
54. h4 Bxe4 1/2-1/2

[Event "Edinburgh Premier 2019"]
[Site "?"]
[Date "2019.04.07"]
[Round "4"]
[White "Campbell, Duncan AF"]
[Black "Sanger, Jake M"]
[Result "1/2-1/2"]
[WhiteElo "1902"]
[BlackElo "1840"]
[PlyCount "88"]

1. e4 e6 2. d4 d5 3. Nd2 Nf6 4. e5 Nfd7 5. Bd3 c5 6. c3 Nc6 7. Ne2 cxd4 8. cxd4
f6 9. exf6 Nxf6 10. Nf3 Bd6 11. O-O Qc7 12. Nc3 a6 13. Bg5 O-O 14. Rc1 Bd7 15.
Bb1 Rae8 16. Qd3 Re7 17. a3 Be8 18. Bxf6 gxf6 19. Ba2 Bg6 20. Qd1 Bf4 21. Ra1
Rg7 22. Re1 Bh5 23. Rxe6 Bxf3 24. Qxf3 Nxd4 25. Qxd5 Bxh2+ 26. Kh1 Nxe6 27. Qh5
Be5 28. Bxe6+ Kh8 29. Rc1 Bxc3 30. Rxc3 Qe5 31. Qxe5 fxe5 32. f3 Re7 33. Bd5
Rd8 34. Be4 Kg7 35. Rb3 b5 36. Rc3 Rd5 37. Kh2 Kf6 38. Rc8 Rg7 39. g4 Rd2+ 40.
Kh3 Rxb2 41. Rc6+ Kg5 42. Rxa6 h5 43. gxh5 Kxh5 44. Re6 Rb3 1/2-1/2

[Event "Edinburgh Premier 2019"]
[Site "?"]
[Date "2019.04.07"]
[Round "4"]
[White "Adrian, Claude"]
[Black "Newton, Andrew"]
[Result "1-0"]
[WhiteElo "2224"]
[BlackElo "1952"]
[PlyCount "55"]

1. c4 e5 2. Nc3 Bb4 3. Nd5 Bc5 4. e3 Nf6 5. d4 Nxd5 6. dxc5 Nf6 7. b4 b6 8.
cxb6 axb6 9. Bb2 Qe7 10. Qb3 O-O 11. Nf3 d6 12. Be2 Be6 13. O-O Nc6 14. Rfd1
Rfd8 15. a4 e4 16. Nd4 Ne5 17. a5 Nfg4 18. Nxe6 fxe6 19. h3 Nxf2 20. Kxf2 Qh4+
21. Kg1 Nf3+ 22. Bxf3 exf3 23. Rd4 Qh5 24. c5 Rd7 25. Qd3 Qh6 26. cxb6 cxb6 27.
axb6 Rf8 28. Rf1 1-0

[Event "Edinburgh Premier 2019"]
[Site "?"]
[Date "2019.04.07"]
[Round "4"]
[White "Han, Yichen"]
[Black "Begg, David"]
[Result "1-0"]
[WhiteElo "2190"]
[BlackElo "1824"]
[PlyCount "114"]

1. e4 Nf6 2. e5 Nd5 3. d4 d6 4. exd6 exd6 5. c4 Nb6 6. Nc3 Nc6 7. Be2 Be7 8.
Nf3 Bg4 9. b3 O-O 10. O-O Bf6 11. Be3 d5 12. c5 Nc8 13. h3 Bxf3 14. Bxf3 N8e7
15. g4 g6 16. Rb1 a5 17. a3 Qd7 18. b4 axb4 19. axb4 Bg7 20. b5 Na5 21. Qd3 c6
22. bxc6 bxc6 23. Na4 Nc4 24. Nb6 Nxb6 25. Rxb6 Nc8 26. Rb4 Na7 27. Ra1 Nb5 28.
Rba4 Rxa4 29. Rxa4 Qb7 30. Qb3 Ra8 31. Rxa8+ Qxa8 32. Bxd5 Nxd4 33. Bxf7+ Kf8
34. Bxd4 Bxd4 35. Qf3 Kg7 36. Bc4 Qf8 37. Qg3 Qxc5 38. Qc7+ Kh6 39. Qf4+ g5 40.
Qf7 Qe5 41. Qf8+ Qg7 42. Qe8 Qf6 43. Qe2 c5 44. Bd3 Qe5 45. Qf3 Qf4 46. Qc6+
Qf6 47. Qg2 Qd6 48. h4 gxh4 49. g5+ Kg7 50. Qb7+ Kf8 51. Qf3+ Kg7 52. Kg2 Bxf2
53. Kxf2 Qh2+ 54. Kf1 Qd6 55. Qf5 Qf8 56. Qxf8+ Kxf8 57. Bxh7 Kg7 1-0

[Event "Edinburgh Premier 2019"]
[Site "?"]
[Date "2019.04.07"]
[Round "4"]
[White "Bhopal, Raj"]
[Black "Allor, Chuckwuka"]
[Result "0-1"]
[WhiteElo "1986"]
[BlackElo "2076"]
[PlyCount "52"]

1. e4 c5 2. Nf3 e6 3. d4 cxd4 4. Nxd4 Nc6 5. Nc3 Qc7 6. Be2 a6 7. O-O Nf6 8.
Be3 Bb4 9. Nxc6 bxc6 10. Bd3 d5 11. exd5 cxd5 12. Bd4 Bd6 13. Re1 Bb7 14. Bxf6
gxf6 15. Qh5 O-O-O 16. Rad1 Rdg8 17. Bf1 Rg5 18. Qh4 Rhg8 19. h3 f5 20. Qa4 Bc5
21. Ne2 d4 22. Nxd4 Qf4 23. Qd7+ Kb8 24. Nc6+ Bxc6 25. Qxc6 Qxf2+ 26. Kh1 Qg1#
0-1

[Event "Edinburgh Premier 2019"]
[Site "?"]
[Date "2019.04.07"]
[Round "4"]
[White "Muskath, Max"]
[Black "Neave, George"]
[Result "1-0"]
[WhiteElo "2120"]
[BlackElo "2102"]
[PlyCount "93"]

1. c4 Nf6 2. Nc3 g6 3. e4 d6 4. d4 Bg7 5. Nf3 O-O 6. Be2 e5 7. O-O Nc6 8. d5
Ne7 9. Ne1 Nd7 10. Be3 f5 11. f3 f4 12. Bf2 g5 13. Nd3 Ng6 14. c5 Nf6 15. Rc1
Rf7 16. Kh1 h5 17. Nb5 a6 18. Na3 g4 19. Nc4 g3 20. hxg3 fxg3 21. Bxg3 h4 22.
Bf2 Nh5 23. cxd6 Ng3+ 24. Kg1 Qg5 25. dxc7 Nf4 26. Nxf4 exf4 27. Re1 h3 28.
Bxg3 Qxg3 29. Bf1 hxg2 30. Bxg2 Bh3 31. Re2 Rxc7 32. d6 Rc5 33. e5 b5 34. b4
Rxc4 35. Rxc4 bxc4 36. Qd5+ Kh7 37. Qxa8 Bf5 38. Qd5 c3 39. e6 Kg6 40. e7 Bd7
41. Qe4+ Kh6 42. e8=Q Bxe8 43. Qxe8 Bd4+ 44. Kf1 c2 45. Re6+ Kh7 46. Qf7+ Bg7
47. Qf5+ 1-0

[Event "Edinburgh Premier 2019"]
[Site "?"]
[Date "2019.04.07"]
[Round "4"]
[White "Gregory, Sam"]
[Black "Koehn, Lennart"]
[Result "0-1"]
[WhiteElo "1851"]
[BlackElo "2134"]
[PlyCount "70"]

1. d4 Nf6 2. Bg5 c5 3. d5 Ne4 4. Bc1 e6 5. c4 exd5 6. cxd5 g6 7. Nd2 Nd6 8. e3
Bg7 9. Ngf3 O-O 10. a4 b6 11. Bd3 Na6 12. Nc4 Nxc4 13. Bxc4 Nb4 14. O-O d6 15.
e4 Bg4 16. Ra3 a6 17. h3 Bxf3 18. Rxf3 Qe8 19. Re1 b5 20. axb5 axb5 21. Bf1 Ra1
22. Ra3 Na2 23. Qd2 Rxc1 24. Rxa2 Rxe1 25. Qxe1 f5 26. Ra6 fxe4 27. Rxd6 Bd4
28. Re6 Qd7 29. Qxe4 Rxf2 30. Kh2 Rxf1 31. b4 Rf5 32. Re8+ Kf7 33. Re6 Rxd5 34.
Re7+ Qxe7 35. Qxd5+ Kg7 0-1

[Event "Edinburgh Premier 2019"]
[Site "?"]
[Date "2019.04.07"]
[Round "4"]
[White "Pasha, Tariq"]
[Black "Hogg, Stephen W"]
[Result "1-0"]
[WhiteElo "1839"]
[BlackElo "1960"]
[PlyCount "86"]

1. d4 Nf6 2. c4 e6 3. Nf3 b6 4. g3 Ba6 5. Qc2 c5 6. dxc5 Bxc5 7. Bg2 Nc6 8. a3
Bb7 9. O-O d5 10. Rd1 Ne4 11. e3 a5 12. Nc3 Nf6 13. b3 O-O 14. Bb2 Rc8 15. Ne1
d4 16. exd4 Bxd4 17. Nb5 e5 18. Nf3 Qe7 19. Nbxd4 Nxd4 20. Nxd4 Bxg2 21. Kxg2
exd4 22. Rxd4 Rc6 23. Qd3 h5 24. Rd1 Re6 25. Rh4 Qc5 26. b4 axb4 27. axb4 Qxb4
28. Ba3 Qa4 29. Bxf8 Kxf8 30. Qd8+ Ne8 31. Rxh5 g6 32. Rh8+ Kg7 33. Qd4+ Nf6
34. Rd8 Re4 35. Qd6 g5 36. c5 Re6 37. Qf8+ Kg6 38. cxb6 Rxb6 39. Qc5 Qe4+ 40.
Kg1 Rc6 41. Qd4 Qf5 42. Qd3 Ne4 43. f3 Nxg3 1-0

[Event "Edinburgh Premier 2019"]
[Site "?"]
[Date "2019.04.07"]
[Round "4"]
[White "McCusker, Andrew"]
[Black "Adrian, Leopold"]
[Result "1-0"]
[WhiteElo "1744"]
[BlackElo "2027"]
[PlyCount "127"]

1. c4 e6 2. g3 d5 3. d4 c5 4. cxd5 exd5 5. Nf3 Nc6 6. Bg2 Nf6 7. O-O Be7 8. b3
O-O 9. Bb2 cxd4 10. Nxd4 Bg4 11. Nd2 Qd7 12. N2f3 Rfe8 13. Nxc6 bxc6 14. Ne5
Qe6 15. Nxg4 Nxg4 16. Bh3 f5 17. Qd3 c5 18. Bg2 Rad8 19. e3 Bf6 20. Rab1 c4 21.
Qc2 Kh8 22. Rfd1 Bxb2 23. Rxb2 Ne5 24. Qc3 Nd3 25. Rbd2 Qe5 26. Qa5 Rd7 27. Bf1
d4 28. Qxe5 Nxe5 29. Kg2 f4 30. gxf4 c3 31. Rxd4 Rxd4 32. exd4 Ng6 33. Kg3 Ne7
34. Bd3 Nd5 35. Bc4 Nb4 36. Rc1 Rd8 37. d5 Nxa2 38. Rc2 Nb4 39. Rxc3 Rd6 40.
Kf3 g6 41. Ke4 Kg7 42. Ke5 Rd8 43. Ke6 a5 44. d6 Kf8 45. Bb5 Rb8 46. d7 Rb6+
47. Ke5 Rxb5+ 48. Kd6 Rd5+ 49. Kc7 Ke7 50. Re3+ Kf7 51. d8=Q Na6+ 52. Kc8 Rxd8+
53. Kxd8 Nc5 54. Kc7 Ne6+ 55. Rxe6 Kxe6 56. Kb6 Kf5 57. Kxa5 Kxf4 58. b4 h5 59.
b5 g5 60. b6 Kf3 61. b7 h4 62. b8=Q Kxf2 63. Qc8 Kf3 64. h3 1-0

[Event "Edinburgh Premier 2019"]
[Site "?"]
[Date "2019.04.07"]
[Round "4"]
[White "Le Feuvre, Gwenole"]
[Black "Robertson, David A"]
[Result "0-1"]
[WhiteElo "1612"]
[BlackElo "1912"]
[PlyCount "98"]

1. e4 c5 2. Nf3 Nc6 3. d4 cxd4 4. c3 Nf6 5. e5 Nd5 6. cxd4 e6 7. Nc3 Nxc3 8.
bxc3 Qc7 9. Bd3 d6 10. exd6 Bxd6 11. O-O Bd7 12. Qe2 Ne7 13. c4 h6 14. Bb2 Qc8
15. Ne5 Bxe5 16. Qxe5 O-O 17. d5 f6 18. Qe4 e5 19. d6 Nf5 20. Ba3 Qc6 21. Qxc6
bxc6 22. Rab1 Rfb8 23. Rxb8+ Rxb8 24. Rb1 Rxb1+ 25. Bxb1 Kf7 26. Bd3 Ke6 27. c5
Kd5 28. Kf1 Nd4 29. f3 f5 30. Kf2 e4 31. fxe4+ fxe4 32. Be2 a5 33. Bb2 Kxc5 34.
Ke3 Nxe2 35. Kxe2 Kxd6 36. Bxg7 h5 37. Bc3 a4 38. Ke3 Kd5 39. Kd2 Kc4 40. g3
e3+ 41. Kc2 e2 42. Be1 Bg4 43. a3 Bf5+ 44. Kb2 Kd3 45. Bb4 Ke3 46. Be1 Kf3 47.
Kc3 Kg2 48. h4 Kf1 49. Kd2 Bg4 0-1

[Event "Edinburgh Premier 2019"]
[Site "?"]
[Date "2019.04.07"]
[Round "4"]
[White "Archibong, Ubong Samuel"]
[Black "Roy, Ali"]
[Result "1-0"]
[WhiteElo "2194"]
[BlackElo "1926"]
[PlyCount "99"]

1. e4 e6 2. d4 d5 3. Nc3 dxe4 4. Nxe4 Nd7 5. Nf3 Ngf6 6. Bg5 Be7 7. Ng3 O-O 8.
Bd3 c5 9. O-O b6 10. c3 Bb7 11. Qe2 h6 12. Bd2 cxd4 13. Nxd4 Nc5 14. Bc2 Ba6
15. Qf3 Bxf1 16. Rxf1 Qd5 17. Qe2 a5 18. Be3 Rfd8 19. Re1 Rac8 20. c4 Qb7 21.
h3 Nce4 22. Nxe4 Nxe4 23. Qf3 Nd6 24. Qg4 Bf6 25. b3 Qd7 26. Nf3 e5 27. Bxb6
Qxg4 28. hxg4 Re8 29. Rd1 Nb7 30. Bf5 Ra8 31. Be4 Re7 32. c5 Rc8 33. c6 Rxc6
34. Bxc6 e4 35. Nd4 Bxd4 36. Bxd4 Nd8 37. Bc5 Nxc6 38. Bxe7 Nxe7 39. Rd8+ Kh7
40. Rd7 Nc6 41. Rxf7 Kg6 42. Rf5 Nd4 43. Rxa5 Kf6 44. Kf1 Ke6 45. Rc5 Kd6 46.
Rc1 g6 47. b4 h5 48. gxh5 gxh5 49. Rd1 Ke5 50. Rxd4 1-0

[Event "Edinburgh Premier 2019"]
[Site "?"]
[Date "2019.04.07"]
[Round "4"]
[White "Orr, Mark"]
[Black "Gopakumar, Siddharth"]
[Result "1/2-1/2"]
[WhiteElo "2082"]
[BlackElo "1834"]
[PlyCount "44"]

1. c4 c6 2. Nf3 d5 3. e3 Nf6 4. Nc3 g6 5. d4 Bg7 6. b3 O-O 7. Bb2 Bg4 8. Be2
Nbd7 9. O-O Re8 10. h3 Bxf3 11. Bxf3 dxc4 12. bxc4 e5 13. dxe5 Nxe5 14. Be2 Qb6
15. Qc2 Rad8 16. Rfd1 Rxd1+ 17. Rxd1 Rd8 18. Rxd8+ Qxd8 19. Nb5 Nxc4 20. Qxc4
cxb5 21. Qxb5 Qd5 22. a4 Qxb5 1/2-1/2

[Event "Edinburgh Premier 2019"]
[Site "?"]
[Date "2019.04.07"]
[Round "4"]
[White "Birkett, Richard"]
[Black "Smith, Callum"]
[Result "1-0"]
[WhiteElo "1940"]
[BlackElo "1826"]
[PlyCount "91"]

1. d4 Nf6 2. Nc3 g6 3. e4 d6 4. f4 Bg7 5. Be2 O-O 6. Be3 e5 7. dxe5 dxe5 8.
Qxd8 Rxd8 9. fxe5 Ng4 10. Bg5 Rf8 11. Nd5 Nc6 12. Nxc7 Rb8 13. Nf3 Ngxe5 14.
O-O-O Nxf3 15. gxf3 Be5 16. Nd5 Be6 17. f4 Bg7 18. c3 Rfc8 19. Kb1 Kh8 20. Ne3
f6 21. Bh4 Rd8 22. Rxd8+ Rxd8 23. Rd1 Rxd1+ 24. Bxd1 Kg8 25. Bb3 Bxb3 26. axb3
Kf7 27. Kc2 Bh6 28. Bg3 Ne7 29. Kd3 Ke6 30. Nc2 Nc6 31. b4 a6 32. Kc4 Bf8 33.
b5 Na5+ 34. Kd3 axb5 35. Nd4+ Kd7 36. Nxb5 Nc6 37. Kc4 f5 38. e5 Ke6 39. Nd4+
Nxd4 40. cxd4 Be7 41. d5+ Kd7 42. Bf2 h6 43. e6+ Kc7 44. Bc5 Bf6 45. Kb5 Bxb2
46. Be7 1-0